| 000 | 00733 a2200241 4500 | ||
|---|---|---|---|
| 001 | 216220744 | ||
| 003 | UA-OsUOA | ||
| 005 | 20210526162417.0 | ||
| 008 | 210524b un ||||| |||| 00| 0 ukr d | ||
| 020 | _a9781510729605 | ||
| 040 |
_aUA-OsUOA _bukr _cUA-OsUOA _dUA-OsUOA |
||
| 041 | _aeng | ||
| 080 | _a94(7) | ||
| 090 |
_a94(7) _bO91 |
||
| 100 | _aO'Sullivan S. | ||
| 245 |
_aWho killed Bobby? The Unsolved Murder of Robert F. Kennedy _cS. O'Sullivan |
||
| 260 |
_bSkyhorse Publishing _c2018 |
||
| 300 | _a536 p. | ||
| 650 |
_2UDC _a94 Історія |
||
| 942 |
_cBK _2udc |
||
| 955 | _a1 | ||
| 999 |
_c570639 _d570639 |
||